00755nam a22002057a 450000500170000001000150001702000250003203500130005703700130007008200100008310000160009324500910010924600570020026000350025727000610029230000220035394200240037599900170039995201330041620141121123838.0 aENG-111120 c75.00a9789350832790 aEN-94652 bDBAD/PUB a179.6 aSaran, Renu a51 children winners of National Bravery aAward :cby Renu Saranbon the republic day / aFifty one children winners of national bravery award aNew DelhibDiamond Booksc2013 bNew Delhie110020aX-30, Okhla Industrial Area, Phase-II a118p. c22cm(pbk) 2ddccENmSARh179.6 c89785d89785 001040718NFICaDBADbDBADd2014-11-05eDBAD/PUBg75.00l0o179.6 SARpEN-94652r2014-11-05 00:00:00t1v75.00w2014-11-05yEN